| 000 | 00771cam3a220020500 4500 | ||
|---|---|---|---|
| 001 | tmp15392866 | ||
| 003 | UPRA | ||
| 005 | 20190830115559.0 | ||
| 008 | 950803s1907 po por u | ||
| 035 | _a(Sirsi) r28717 | ||
| 035 | _a(UPRA)tmp15392866 | ||
| 040 | _cUPRA | ||
| 100 | 2 |
_aConto Lupi, Eduardo do. _6A92946.1 |
|
| 245 | 1 | 0 |
_aAngoche : _bbreve memoria sobre uma das capitanias-mores do districto de Mocambique. |
| 260 |
_aLisboa : _bTypographia do Annuario Commercial, _c1907. |
||
| 500 | _aAt head of title: Ministerio dos Negocios da Marinha e Ultramar, Direccao Geral do Ultramar. | ||
| 651 | 0 |
_aMozambique -- Description and travel. _xMozambique -- Description and travel. _6S4212.1 |
|
| 949 |
_aDT465 _wlcc _i-31135 _mMAIN _tBOOK _lON-SHELF |
||
| 004 | 28717 | ||
| 999 |
_c195293 _d195293 |
||